| 000 | 00945nmm a2200253 a 4500 | ||
|---|---|---|---|
| 001 | ocm000701275 | ||
| 003 | TR-IsHL | ||
| 005 | 20201028134438.0 | ||
| 008 | 131121s1977 tu tur | ||
| 007 | cr cn | ||
| 035 |
_a701275 _b(N$T) |
||
| 050 | 0 | 4 |
_aTD174 _b.M37 1977 |
| 090 | 0 | 4 |
_aTD174 _b.M37 1977 |
| 245 | 1 | 0 |
_aMarmara Bölgesinde çevre kirlenmesi, İstanbul, 27- 30 eylül 1977 _h[electronic resource] / _cİstanbul Ticaret Odası |
| 260 |
_aİstanbul : _bİstanbul Ticaret Odası, _c1977 |
||
| 300 | _a496 p. | ||
| 650 | 4 | _aÇevre Bilimleri | |
| 650 | 4 | _aEnvironmental Sciences | |
| 650 | 0 |
_aKirlenme _x Çevresel açıdan _x Türkiye |
|
| 650 | 0 |
_aPollution _x Environmental aspects _x Turkey |
|
| 650 | 7 |
_aTECHNOLOGY & ENGINEERING / Environmental / Pollution Control _2bisacsh |
|
| 700 | 1 | _aİstanbul Ticaret Odası | |
| 856 | 4 | 0 | _uhttp://search.ebscohost.com/login.aspx?direct=true&scope=site&db=e011xww&AN=701275 |
| 999 |
_c6196 _d6196 |
||